| Tag |
First Indicator |
Second Indicator |
Subfields |
| LEADER |
00000cam a2200000 a 4500 |
| 001 |
in00002588913 |
| 005 |
20151201114833.0 |
| 008 |
090721s2009 oncac b 001 0 eng |
| 020 |
|
|
|a 9781552774328
|
| 020 |
|
|
|a 1552774325
|
| 035 |
|
|
|a (OCoLC)ocn427676504
|
| 040 |
|
|
|a NLC
|b eng
|c NLC
|d CDX
|d C#P
|d UtOrBLW
|
| 043 |
|
|
|a n-cn---
|a r------
|
| 049 |
|
|
|a TXAM
|
| 055 |
|
0 |
|a FC3961.2
|b C76 2009
|
| 055 |
0 |
0 |
|a FC3961 .2
|b C76 2009
|
| 082 |
0 |
|
|a 910.9163/27
|2 22
|
| 090 |
|
|
|a G640
|b .C66 2009
|
| 100 |
1 |
|
|a Cross, Dyan,
|d 1949-
|
| 245 |
1 |
0 |
|a Quest for the Northwest Passage :
|b exploring the elusive route through Canada's Arctic waters /
|c L.D. Cross.
|
| 264 |
|
1 |
|a Toronto :
|b James Lorimer,
|c [2009]
|
| 264 |
|
4 |
|c ©2009
|
| 300 |
|
|
|a 152 pages :
|b illustrations, portraits ;
|c 22 cm.
|
| 336 |
|
|
|a text
|b txt
|2 rdacontent
|
| 337 |
|
|
|a unmediated
|b n
|2 rdamedia
|
| 338 |
|
|
|a volume
|b nc
|2 rdacarrier
|
| 490 |
1 |
|
|a Amazing stories
|
| 504 |
|
|
|a Includes bibliographical references (pages 144-145) and index.
|
| 651 |
|
0 |
|a Northwest Passage
|x Discovery and exploration.
|
| 651 |
|
0 |
|a Canada
|x Boundaries
|z Arctic regions.
|
| 651 |
|
0 |
|a Arctic regions
|x Boundaries
|z Canada.
|
| 650 |
|
0 |
|a Natural resources
|z Arctic regions.
|
| 830 |
|
0 |
|a Amazing stories (Toronto, Ont.)
|
| 945 |
|
|
|a PromptCat
|b 945957
|
| 946 |
|
|
|a stk
|
| 947 |
|
|
|a A14840266106
|
| 948 |
|
|
|a cataloged
|b h
|c 2010/7/26
|d c
|e dmitchel
|f 8:20:10 am
|
| 994 |
|
|
|a 92
|b TXA
|
| 999 |
|
|
|a MARS
|
| 999 |
f |
f |
|s 1d4707de-16f5-31b8-9fd2-e9ea2930ba48
|i 89bdee0c-d109-361e-ba81-8d5ba8a9c1ce
|t 0
|
| 952 |
f |
f |
|p ric
|a Texas A&M University
|b Rellis Campus
|c Joint Library Facility
|d Remote Storage
|t 0
|e G640 .C66 2009
|h Library of Congress classification
|i unmediated -- volume
|m A14840266106
|
| 998 |
f |
f |
|a G640 .C66 2009
|t 0
|l Remote Storage
|